Príležitosti ďalšieho rozvoja projektového riadenia na Slovensku

Príležitosti rozvoja projektového riadenia na Slovensku. Vymedzenie pojmu rozvoj projektového riadenia. Maticová skladba náplne riadenia. Porovnanie najrozšírenejších definícií pojmov projekt a projektové riadenie. Možnosti merania rozvoja projektového riadenia. Kvalitatívny rozvoj projektového riad...

Ausführliche Beschreibung

Gespeichert in:
Bibliographische Detailangaben
1. Verfasser: Trávnik, Igor
Format: Buchkapitel
Sprache:Slowakisch
Schlagworte:
Tags: Tag hinzufügen
Keine Tags, Fügen Sie das erste Tag hinzu!

MARC

LEADER 00000naa$a2200000$$$4500
001 0052251
005 20231013084247.3
041 0 |a slo 
044 |a SK 
245 1 0 |a Príležitosti ďalšieho rozvoja projektového riadenia na Slovensku  |c Igor Trávnik 
520 |a Príležitosti rozvoja projektového riadenia na Slovensku. Vymedzenie pojmu rozvoj projektového riadenia. Maticová skladba náplne riadenia. Porovnanie najrozšírenejších definícií pojmov projekt a projektové riadenie. Možnosti merania rozvoja projektového riadenia. Kvalitatívny rozvoj projektového riadenia na Slovensku. 
610 2 0 |a projekty 
610 2 0 |a riadenie podnikové 
610 2 0 |a riadenie projektové 
610 2 0 |a Slovensko 
610 2 0 |a podnik 
610 2 0 |a pojmy 
610 2 0 |a teórie ekonomické 
610 2 0 |a manažéri 
100 1 |a Trávnik, Igor